000 01309nam a22002777a 4500
003 OSt
005 20230130094504.0
007 cr ||||||a|c|a
008 230123s2021 mx ||||fom||| 001 0 spa d
040 _erda
100 1 _9185980
_aVega Vega, Luis Eduardo
245 1 _aActores sociales, acción comunitaria y representaciones territoriales en la reconfiguracón territorial de San Miguel Xaltocan ante la construción del Aeropuerto Internacional en Santa Lucía /
_cpor Luis Eduardo Vega Vega; director de tesis Luis Llanos Hernández.
264 1 _aChapingo, México :
_bEl autor,
_c2021.
300 _a1 recurso en línea (194 páginas).
336 _2rdacontent
_atexto
_btxt
337 _2rdamedia
_acomputadora
_bc
338 _2rdacarrier
_arecurso en línea
_bcr
502 _bMCDRR
_cCentros Regionales
_d2021.
_gMAE
504 _aIncluye referencias bibliográficas : paginas 183-189.
650 4 _932042
_aDesarrollo de la comunidad rural
_zMéxico (Edo.)
650 4 _9130641
_aServicios públicos
_xControl de calidad
650 4 _9124651
_aTerritorios
_xAspectos sociales
700 1 _967265
_aLlanos Hernández, Luis
_eDirector de tesis.
856 _uhttp://10.13.5.2/tesis/tm/2021_CR_Vega_Vega_LuisEduardo.pdf
_zDESCARGAR PDF
942 _2Clasificación Universidad Autónoma Chapingo
_cTD
999 _c218129
_d218129